La Supresión del impuesto de consumos : los presupuestos del Estado para 1906 : discursos pronunciados en noviembre y diciembre de 1905 en el Congreso de los Diputados / por José Zulueta y Gomis los presupuestos del Estado para 1906 :
Descripción Física:
197 p. ; 20 cm
Materias:
Impostos -- Espanya
MARC
| LEADER | 00000nam a2200000Ia 4500 | ||
|---|---|---|---|
| 001 | 653 | ||
| 008 | 160829s1906 xx 000 0 cat d | ||
| 080 | |a M-2-322 | ||
| 100 | |a Zulueta y Gomis, José |9 25685 | ||
| 245 | |a La Supresión del impuesto de consumos : |b los presupuestos del Estado para 1906 : |b discursos pronunciados en noviembre y diciembre de 1905 en el Congreso de los Diputados / por José Zulueta y Gomis | ||
| 260 | |a Barcelona : |b Revista Mercurio, |c 1906 | ||
| 300 | |a 197 p. ; |c 20 cm | ||
| 650 | |a Impostos |x Espanya |9 25281 | ||
| 901 | |a Arxiu | ||
| 942 | |n 1 | ||
| 952 | |0 0 |1 0 |4 0 |6 M2322 |7 1 |9 43736 |a Arxiu |b Arxiu |d 2016-12-01 |l 0 |o M-2-322 |p 653 |r 2016-12-01 00:00:00 |w 2016-12-01 |y ARXIU | ||
| 999 | |c 46284 |d 46284 | ||